<?xml version="1.0" encoding="UTF-8"?>
<record
    xmlns:xsi="http://www.w3.org/2001/XMLSchema-instance"
    xsi:schemaLocation="http://www.loc.gov/MARC21/slim http://www.loc.gov/standards/marcxml/schema/MARC21slim.xsd"
    xmlns="http://www.loc.gov/MARC21/slim">

  <leader>02534nam a22001817a 4500</leader>
  <controlfield tag="003">OSt</controlfield>
  <controlfield tag="005">20181016105130.0</controlfield>
  <controlfield tag="008">180307b        xxu||||| |||| 00| 0 spa d</controlfield>
  <datafield tag="040" ind1=" " ind2=" ">
    <subfield code="c">PJ</subfield>
  </datafield>
  <datafield tag="100" ind1=" " ind2=" ">
    <subfield code="9">528</subfield>
    <subfield code="a">Mosset Iturraspe, Jorge </subfield>
  </datafield>
  <datafield tag="245" ind1="1" ind2="0">
    <subfield code="a">Regulaci&#xF3;n del tr&#xE1;nsito y del transporte automotor :</subfield>
    <subfield code="b">decreto 692/92 /</subfield>
    <subfield code="c">Jorge Mosset Iturraspe, Horacio Daniel Rosatti.</subfield>
  </datafield>
  <datafield tag="260" ind1=" " ind2=" ">
    <subfield code="a">Buenos Aires :</subfield>
    <subfield code="b">Rubinzal - Culzoni,</subfield>
    <subfield code="c">1992.</subfield>
  </datafield>
  <datafield tag="300" ind1=" " ind2=" ">
    <subfield code="a">527 p. ;</subfield>
    <subfield code="c">23 cm.</subfield>
  </datafield>
  <datafield tag="505" ind1=" " ind2=" ">
    <subfield code="a">Contenido:
Contenido:
Antecedentes y derecho comparado -- Principios generales del decreto 692/92 -- El transito, concepto y normatividad -- La salud como capital social -- La autoridad de control: &#xBF;Polic&#xED;a de seguridad o inspectores municipales? La razonabilidad como principio rector del control de transito -- La naturaleza jur&#xED;dica del decreto nacional 692/92 -- Reglamento nacional de transito y transporte (Anexo I del decreto 692/92) Principios b&#xE1;sicos (art&#xED;culos 1&#xBA; a 5&#xBA;) -- Los fines del decreto -- Los convenios internacionales -- Coordinaci&#xF3;n federal (art&#xED;culos 6&#xBA; a 8&#xBA;) -- Transito y federalismo -- Accidentolog&#xED;a y estad&#xED;sticas -- El usuario de la v&#xED;a publica (art&#xED;culos 9&#xBA; a 19 ) -- Sobre las edades m&#xED;nima y m&#xE1;xima para conducir -- Las escuelas o academias de conductores -- La licencia de conductor -- La v&#xED;a p&#xFA;blica (art&#xED;culos 20 a 25 ) -- Se&#xF1;alamiento vial -- La prioridad del transporte p&#xFA;blico -- El veh&#xED;culo (art&#xED;culos 26 a 36 ) -- Caracterizaci&#xF3;n y clasificaci&#xF3;n -- Los ruidos molestos o nocivos provenientes de los veh&#xED;culos y la protecci&#xF3;n del medio ambiente -- Consideraci&#xF3;n jurisprudencial del veh&#xED;culo .Critica -- Responsabilidad del fabricante -- La circulaci&#xF3;n ( art&#xED;culos 34 a 67 ) -- Sobre la prioridad normativa -- El peat&#xF3;n -- Prioridades y adelantamientos -- Documentaci&#xF3;n exigible para transitar -- Accidentes y seguro -- Bases para el procedimiento (art&#xED;culos 68 a 73 ) Sobre la naturaleza jur&#xED;dica de la transgresi&#xF3;n a las norma de transito -- Responsabilidad del titular registral -- La identificaci&#xF3;n de la autoridad de control -- El proceso de faltas -- Medidas cautelares -- R&#xE9;gimen de sanciones (art&#xED;culos 74 a 88) Clasificaci&#xF3;n de las faltas de transito -- Cuestiones especiales vinculadas con la responsabilidad -- Las sanciones -- Normativa laboral y de seguridad (Anexo II del decreto 692/92) -- Accidentes de transito eximentes -- Decreto 292/92.</subfield>
  </datafield>
  <datafield tag="650" ind1=" " ind2="0">
    <subfield code="9">352</subfield>
    <subfield code="a">DERECHO CIVIL</subfield>
  </datafield>
  <datafield tag="650" ind1=" " ind2="0">
    <subfield code="9">1821</subfield>
    <subfield code="a">DERECHOS REALES</subfield>
  </datafield>
  <datafield tag="942" ind1=" " ind2=" ">
    <subfield code="2">udc</subfield>
    <subfield code="c">LIB</subfield>
    <subfield code="h">347.232:347.3</subfield>
    <subfield code="i">MOS</subfield>
  </datafield>
  <datafield tag="999" ind1=" " ind2=" ">
    <subfield code="c">1479</subfield>
    <subfield code="d">1479</subfield>
  </datafield>
  <datafield tag="952" ind1=" " ind2=" ">
    <subfield code="0">0</subfield>
    <subfield code="1">0</subfield>
    <subfield code="2">udc</subfield>
    <subfield code="4">0</subfield>
    <subfield code="7">0</subfield>
    <subfield code="a">DJS</subfield>
    <subfield code="b">DJS</subfield>
    <subfield code="d">2018-09-18</subfield>
    <subfield code="o">347.232:347.3 MOS</subfield>
    <subfield code="p">2444</subfield>
    <subfield code="r">2018-09-18</subfield>
    <subfield code="w">2018-09-18</subfield>
    <subfield code="y">LIB</subfield>
  </datafield>
  <datafield tag="952" ind1=" " ind2=" ">
    <subfield code="0">0</subfield>
    <subfield code="1">0</subfield>
    <subfield code="2">udc</subfield>
    <subfield code="4">0</subfield>
    <subfield code="7">0</subfield>
    <subfield code="a">DJN</subfield>
    <subfield code="b">DJN</subfield>
    <subfield code="d">2018-09-18</subfield>
    <subfield code="o">347.232:347.3 MOS</subfield>
    <subfield code="p">RG 0576</subfield>
    <subfield code="r">2024-12-02</subfield>
    <subfield code="w">2018-09-18</subfield>
    <subfield code="y">LIB</subfield>
  </datafield>
</record>
